00878nam a2200289Ia 4500008004100000020001600041100001900057245003300076245001900109260001500128260002000143260000900163300001700172300001000189500002700199650008100226650005700307650005400364650003600418650001600454650002200470650002200492650002200514650002200536650002200558700000800580160803s9999 xx 000 0 und d a0 439458110 aMeyer, Carolyn aBeware, Princess Elizabeth / cCarolyn Meyer. aNew York : bScholastic Inc. c2001 a214 pages ;  c20 cm a"A young royals book." aElizabeth -- I, -- Queen of England, -- 1533-1603 -- Childhood and youth --  aGreat Britain -- History -- Edward VI, 1547-1553 --  aGreat Britain -- History -- Mary I, 1553-1558 --  aPrincesses -- Great Britain --  aSisters --  xJuvenile fiction. xJuvenile fiction. xJuvenile fiction. xJuvenile fiction. xJuvenile fiction. a910